La república imposible /
Guardado en:
| Autor Principal: | |
|---|---|
| Formato: | Libro |
| Publicado: |
Buenos Aires :
Ariel,
2004
|
| Series: | Biblioteca del Pensamiento Argentino; No. 5
|
| Materias: | |
| Etiquetas: |
Agregar Etiqueta
Sin Etiquetas, Sea el primero en etiquetar este registro!
|
| LEADER | 01102nam a22002175a 4500 | ||
|---|---|---|---|
| 001 | CEM.cems012778 | ||
| 005 | 20080318122026.0 | ||
| 008 | 130507s2004##################000#0#####d | ||
| 003 | CEMS | ||
| 020 | |a 9509122858 | ||
| 082 | 0 | 4 | |a 982.06 |
| 100 | 1 | |a Halperin Donghi, Tulio | |
| 245 | 1 | 0 | |a La república imposible / |c Tulio Halperin Dongui |
| 260 | |a Buenos Aires : |b Ariel, |c 2004 | ||
| 300 | |a 705 p. | ||
| 490 | 0 | |a Biblioteca del Pensamiento Argentino; No. 5 | |
| 505 | 0 | |a 1930: una encrucijada decisiva -- Salir de la revolución -- Una república en el limbo -- Qué lugar para el radicalismo? -- Ante la crisis -- El Estado en la nueva economía -- El debate de las carnes, antesala de la República del fraude -- El camino del fraude -- En la república del fraude -- Una sociedad de nuevo en movimiento -- Testigos de la República imposible -- El giro de 1940 -- El ocaso de la República imposible -- La falsa aurora de un nuevo orden | |
| 653 | |a Historia | ||
| 653 | |a Historia argentina | ||
| 653 | |a Historia argentina-1930-1945 | ||
| 859 | |a CEMS |b BIB. CEMS - 11 de abril |h 982.06 |i H164-1 |p 25039.08 |t Ej.1 | ||
